[Event "Roquetas de Mar op 35th"]
[Site "Roquetas de Mar"]
[Date "2024.01.04"]
[Round "4"]
[White "Garrido Diaz, Jose Antonio"]
[Black "Diaz Mino, Daniel"]
[Result "1/2-1/2"]
[WhiteElo "2291"]
[BlackElo "2074"]
[PlyCount "138"]
[EventDate "2024.01.02"]
[EventType "swiss"]
[EventRounds "9"]
[EventCountry "ESP"]
[SourceTitle "CB02_2024"]
[SourceDate "2024.01.10"]
[SourceVersion "1"]
[SourceVersionDate "2024.01.10"]
[SourceQuality "1"]

1. e4 c5 2. Nf3 d6 3. Bb5+ Bd7 4. Bxd7+ Qxd7 5. c4 Nc6 6. Nc3 Nf6 7. d4 cxd4 8. Nxd4 g6 9. f3 Bg7 10. Be3 0-0 11. 0-0 Rac8 12. b3 a6 13. Qd2 Rfd8 14. Na4 Qe8 15. Nb6 Rc7 16. Rad1 Ne5 17. h3 Rb8 18. Rfe1 Ned7 19. Nd5 Rcc8 20. Rc1 Qd8 21. Bf2 Ne5 22. a4 Nc6 23. b4 Nxd5 24. exd5 Nxd4 25. Bxd4 Bxd4+ 26. Qxd4 a5 27. c5 axb4 28. Qxb4 dxc5 29. Rxc5 Rxc5 30. Qxc5 Qd6 31. Qb5 b6 32. Rc1 Rd8 33. Qc6 Qxd5 34. Qxb6 Ra8 35. Qb4 Qa5 36. Rc8+ Kg7 37. Qb2+ Kh6 38. Qc1+ Kg7 39. Qb2+ Kh6 40. Rxa8 Qxa8 41. Qb4 Qa7+ 42. Kh1 Kg7 43. a5 Qe3 44. Qb2+ f6 45. Qa1 Qa7 46. Qa3 h5 47. Qb4 h4 48. Qb6 Qd7 49. a6 Qd1+ 50. Kh2 Qa1 51. a7 Qe5+ 52. Kh1 Qa1+ 53. Qg1 Qa5 54. Qe3 e5 55. Qf2 g5 56. Qe3 Kh6 57. Kg1 Kg7 58. Kf1 Qa1+ 59. Ke2 Qa2+ 60. Kd1 Qa1+ 61. Ke2 Qa2+ 62. Kd3 Qa3+ 63. Ke4 Qa4+ 64. Kd5 Qd7+ 65. Kc4 Qa4+ 66. Kd5 Qd7+ 67. Ke4 Qa4+ 68. Kd3 Qa3+ 69. Ke2 Qa2+ 1/2-1/2

[Event "ESP-ch U18"]
[Site "Salobrena"]
[Date "2023.08.01"]
[Round "3"]
[White "Diaz Mino, Daniel"]
[Black "Donate Moreno, Silvia"]
[Result "1-0"]
[WhiteElo "2205"]
[BlackElo "1978"]
[PlyCount "103"]
[EventDate "2023.07.31"]
[EventType "swiss"]
[EventRounds "9"]
[EventCountry "ESP"]
[SourceTitle "CBM 215 Extra"]
[Source "ChessBase"]
[SourceDate "2023.09.30"]
[SourceVersion "1"]
[SourceVersionDate "2023.09.30"]
[SourceQuality "1"]

1. e4 c5 2. Nf3 Nc6 3. Bb5 g6 4. Bxc6 bxc6 5. 0-0 Bg7 6. Re1 e5 7. c3 d6 8. d4 cxd4 9. cxd4 exd4 10. Nxd4 Ne7 11. Nc3 0-0 12. Bg5 Bb7 13. Qd2 Qd7 14. Bh6 Rae8 15. Rad1 Nc8 16. Bxg7 Kxg7 17. Re3 f6 18. Nb3 Qf7 19. Ne2 c5 20. f3 f5 21. exf5 Qxf5 22. Nc3 h5 23. Na5 Rxe3 24. Qxe3 Ba8 25. Qd3 h4 26. h3 Qe6 27. Nd5 Nb6 28. Nc7 Qxa2 29. Qc3+ Kh7 30. Nxa8 Rxa8 31. Rxd6 Qb1+ 32. Kh2 Rf8 33. Qxc5 Rf5 34. Qb4 Kg7 35. Qd4+ Kf7 36. Nc4 Qe1 37. Nxb6 Qg3+ 38. Kh1 axb6 39. Qxb6 Re5 40. Rd7+ Re7 41. Qb3+ Ke8 42. Rxe7+ Kxe7 43. Qe3+ Kd7 44. b3 Qd6 45. Qe2 Qd4 46. Qe1 g5 47. b4 Kc7 48. Qe7+ Kb6 49. Qxg5 Qxb4 50. Qe5 Qc4 51. Kh2 Qb4 52. Qb8+ 1-0

[Event "Benalmadena Rapid op 1st"]
[Site "Benalmadena"]
[Date "2023.02.25"]
[Round "2"]
[White "Merario Alarcon, Andres"]
[Black "Diaz Mino, Daniel"]
[Result "1-0"]
[WhiteElo "2449"]
[BlackElo "2188"]
[PlyCount "47"]
[EventDate "2023.02.25"]
[EventType "swiss (rapid)"]
[EventRounds "9"]
[EventCountry "ESP"]
[SourceTitle "EXT 2024"]
[Source "ChessBase"]
[SourceDate "2023.10.10"]
[SourceVersion "1"]
[SourceVersionDate "2023.10.10"]
[SourceQuality "1"]

1. d4 Nf6 2. c4 d6 3. Nc3 Bf5 4. g3 e5 5. Nf3 Nbd7 6. Bg2 c6 7. 0-0 Be7 8. Nh4 Be6 9. d5 cxd5 10. cxd5 Bg4 11. h3 Bh5 12. Nf5 0-0 13. Be3 Bg6 14. Nxe7+ Qxe7 15. Qb3 b6 16. Rac1 Nc5 17. Qa3 Qd7 18. f3 a5 19. Kh2 Rfc8 20. h4 h5 21. Rfd1 b5 22. b4 Na6 23. Qxa5 Nc7 24. Qb6 1-0

[Event "Malaga op 16th"]
[Site "Malaga"]
[Date "2022.11.01"]
[Round "9"]
[White "Garcia Fernandez, Victor"]
[Black "Diaz Mino, Daniel"]
[Result "1/2-1/2"]
[WhiteElo "2157"]
[BlackElo "2125"]
[PlyCount "107"]
[EventDate "2022.10.27"]
[EventType "swiss"]
[EventRounds "9"]
[EventCountry "ESP"]
[SourceTitle "EXT 2024"]
[Source "ChessBase"]
[SourceDate "2023.10.10"]
[SourceVersion "1"]
[SourceVersionDate "2023.10.10"]
[SourceQuality "1"]

1. d4 Nf6 2. c4 c6 3. Nc3 d5 4. cxd5 cxd5 5. Bf4 Nc6 6. e3 e6 7. Bd3 Bd6 8. Bxd6 Qxd6 9. f4 Bd7 10. Nf3 a6 11. 0-0 Ng4 12. Qe2 f5 13. h3 Nf6 14. Ne5 0-0 15. a3 Qe7 16. Rac1 Rac8 17. b4 Na7 18. g4 Ne4 19. Bxe4 fxe4 20. Qb2 Bb5 21. Rf2 Nc6 22. Nxc6 Bxc6 23. a4 Qh4 24. Kg2 Bd7 25. b5 h5 26. bxa6 hxg4 27. axb7 Qxh3+ 28. Kg1 Rb8 29. Re1 g3 30. Rg2 Rf6 31. Ne2 Rh6 32. Nxg3 Rg6 33. Kf2 Qg4 34. Qe2 Rxb7 35. Qxg4 Rxg4 36. Ra1 Ra7 37. a5 Kf7 38. Ne2 Rxg2+ 39. Kxg2 Bb5 40. Nc3 Bd3 41. f5 Kf6 42. fxe6 Kxe6 43. a6 Rxa6 44. Rxa6+ Bxa6 45. Kg3 Bc4 46. Na4 Kf5 47. Nc5 g6 48. Nd7 g5 49. Ne5 Bb5 50. Nf7 Be2 51. Ne5 Ke6 52. Nc6 Kd6 53. Nb4 Bd1 54. Kh3 1/2-1/2

[Event "Malaga op 16th"]
[Site "Malaga"]
[Date "2022.10.31"]
[Round "7"]
[White "Ventura Bolet, Maxim"]
[Black "Diaz Mino, Daniel"]
[Result "1-0"]
[WhiteElo "2274"]
[BlackElo "2125"]
[PlyCount "119"]
[EventDate "2022.10.27"]
[EventType "swiss"]
[EventRounds "9"]
[EventCountry "ESP"]
[SourceTitle "EXT 2024"]
[Source "ChessBase"]
[SourceDate "2023.10.10"]
[SourceVersion "1"]
[SourceVersionDate "2023.10.10"]
[SourceQuality "1"]

1. Nf3 Nf6 2. c4 d6 3. d4 g6 4. g3 Bg7 5. Bg2 0-0 6. Nc3 c6 7. 0-0 Qa5 8. e4 Qh5 9. e5 Ne8 10. Re1 Bh3 11. Bh1 Bg4 12. Qb3 b6 13. exd6 exd6 14. Ne4 Qf5 15. Nh4 Qd7 16. Be3 Nf6 17. Nc3 Be6 18. d5 cxd5 19. cxd5 Bg4 20. Qa3 h6 21. Nf3 Bxf3 22. Bxf3 b5 23. Qa5 Ne8 24. Qxb5 Qxb5 25. Nxb5 a6 26. Nd4 Nd7 27. Rab1 Ne5 28. b3 Nf6 29. Bg2 Nfg4 30. Nc6 Rfe8 31. Bb6 Nd3 32. Re4 Nf6 33. Rd4 Nd7 34. Rxd3 Nxb6 35. Kf1 Nd7 36. Re1 Kf8 37. Rde3 Ne5 38. f4 Ng4 39. Rxe8+ Rxe8 40. Rxe8+ Kxe8 41. h3 Ne3+ 42. Kf2 Nd1+ 43. Ke1 Ne3 44. Be4 f5 45. Ke2 Nf1 46. Kxf1 fxe4 47. Ke2 Bc3 48. Ke3 Kd7 49. Kxe4 a5 50. g4 Ke8 51. f5 Kf7 52. Nd4 Kf6 53. fxg6 Kxg6 54. Nf5 Bb4 55. Nh4+ Kf6 56. Nf3 Bc5 57. Kd3 a4 58. bxa4 Ke7 59. Kc4 Kd7 60. Kb5 1-0

[Event "ESP-ch 87th"]
[Site "Linares"]
[Date "2022.08.14"]
[Round "5"]
[White "Martinez Fernandez, Adrian"]
[Black "Diaz Mino, Daniel"]
[Result "1-0"]
[WhiteElo "2347"]
[BlackElo "2145"]
[PlyCount "134"]
[EventDate "2022.08.11"]
[EventType "swiss"]
[EventRounds "9"]
[EventCountry "ESP"]
[SourceTitle "CBM 209 Extra"]
[Source "ChessBase"]
[SourceDate "2022.09.30"]
[SourceVersion "1"]
[SourceVersionDate "2022.09.30"]
[SourceQuality "1"]

1. e4 c5 2. Nf3 d6 3. d4 cxd4 4. Nxd4 Nf6 5. f3 e5 6. Nb3 a5 7. a4 Be6 8. Nc3 Be7 9. Bb5+ Nbd7 10. Be3 h5 11. Qd2 0-0 12. 0-0 Nc5 13. Nxc5 dxc5 14. Qf2 Qc7 15. Nb1 Rad8 16. Na3 b6 17. Bc4 Bd7 18. b3 Bc6 19. Nb5 Qb7 20. Qg3 Nh7 21. Rad1 Bxb5 22. axb5 Bf6 23. Qg6 h4 24. Qh5 Qe7 25. Bd5 Bg5 26. Bf2 Qf6 27. Rd3 g6 28. Qg4 Qf4 29. Qxf4 exf4 30. Rfd1 Kg7 31. c3 Bf6 32. b4 axb4 33. cxb4 cxb4 34. Bxb6 Rb8 35. Bc5 Rfc8 36. Bc6 Rxb5 37. Bxb5 Rxc5 38. Ba4 Ng5 39. Bb3 Ra5 40. h3 Ra3 41. Kf1 Ne6 42. Bxe6 fxe6 43. Rxa3 bxa3 44. Rd7+ Kh6 45. Ra7 Bb2 46. Ke2 Kg5 47. Kd3 Kf6 48. Kc4 Ke5 49. Ra6 Bc1 50. Kc5 Bb2 51. Ra4 Bc1 52. Kc6 Bb2 53. Kd7 Kf6 54. Ra5 Bc1 55. Ra6 Ke5 56. Rxe6+ Kd4 57. Ra6 Bb2 58. Kd6 Ke3 59. e5 Kf2 60. e6 Bf6 61. e7 Bxe7+ 62. Kxe7 Kxg2 63. Rxg6+ Kxh3 64. Kf6 a2 65. Rg1 Kh2 66. Ra1 Kg3 67. Kg5 h3 1-0

[Event "ESP-ch 87th"]
[Site "Linares"]
[Date "2022.08.11"]
[Round "1"]
[White "Bernabeu Lopez, Carlos Javier"]
[Black "Diaz Mino, Daniel"]
[Result "1-0"]
[WhiteElo "2421"]
[BlackElo "2145"]
[PlyCount "69"]
[EventDate "2022.08.11"]
[EventType "swiss"]
[EventRounds "9"]
[EventCountry "ESP"]
[SourceTitle "CBM 209 Extra"]
[Source "ChessBase"]
[SourceDate "2022.09.30"]
[SourceVersion "1"]
[SourceVersionDate "2022.09.30"]
[SourceQuality "1"]

1. d4 Nf6 2. c4 d6 3. Nc3 Bf5 4. f3 e5 5. e4 exd4 6. Nd5 Be6 7. Qxd4 Nc6 8. Nxf6+ Qxf6 9. Qxf6 gxf6 10. Bd2 f5 11. Bc3 Rg8 12. exf5 Bxf5 13. g4 Bg6 14. h4 h5 15. g5 0-0-0 16. 0-0-0 Bg7 17. Bxg7 Rxg7 18. Nh3 Ne5 19. Be2 f5 20. Nf4 Re8 21. Rhe1 Bf7 22. b3 c6 23. Bd3 Bg6 24. Re3 Kd7 25. Bc2 Rf7 26. Rxe5 Rxe5 27. Nxg6 Re3 28. Kd2 f4 29. Be4 a5 30. Rf1 d5 31. cxd5 cxd5 32. Bxd5 Rf5 33. Be4 Rc5 34. Nxf4 Rec3 35. Ne2 1-0

[Event "ESP-ch U18 Rapid"]
[Site "Salobrena"]
[Date "2022.08.07"]
[Round "9"]
[White "Diaz Mino, Daniel"]
[Black "Ayucar Nunez, Inigo"]
[Result "1/2-1/2"]
[WhiteElo "1708"]
[BlackElo "1234"]
[PlyCount "146"]
[EventDate "2022.08.06"]
[EventType "swiss (rapid)"]
[EventRounds "9"]
[EventCountry "ESP"]
[SourceTitle "EXT 2023"]
[Source "ChessBase"]
[SourceDate "2022.10.05"]
[SourceVersion "1"]
[SourceVersionDate "2022.10.05"]
[SourceQuality "1"]

1. e4 e6 2. d4 d5 3. e5 c5 4. c3 Nc6 5. Nf3 cxd4 6. Bd3 dxc3 7. Nxc3 Nge7 8. 0-0 Ng6 9. Bxg6 hxg6 10. Re1 a6 11. Qa4 Bc5 12. Bg5 Qb6 13. Re2 Bd7 14. Qf4 Nd4 15. Nxd4 Bxd4 16. Rd1 Bxc3 17. bxc3 Qc5 18. c4 Qxc4 19. Qxc4 dxc4 20. Red2 Rh5 21. h4 Rxg5 22. hxg5 Bc6 23. Rd6 Bd5 24. Rb6 Rc8 25. Rc1 Kd7 26. f3 Kc7 27. Rd6 Rh8 28. Kf2 Rh5 29. f4 Rh2 30. Rg1 c3 31. Kg3 Rh8 32. Rc1 Ra8 33. Rxc3+ Bc6 34. Rc1 a5 35. a3 a4 36. Rh1 Ra5 37. Rh7 Rc5 38. Rxg7 Rc3+ 39. Kh2 Rxa3 40. Rxf7+ Kb8 41. Rxe6 Ra2 42. Rxc6 bxc6 43. e6 Re2 44. e7 Kc8 45. Rf8+ Kd7 46. Ra8 Rxe7 47. Rxa4 c5 48. Ra7+ Ke6 49. Ra6+ Kf5 50. Kg3 Re3+ 51. Kf2 Rc3 52. Rf6+ Kg4 53. Rxg6 Kxf4 54. Rg8 Rc2+ 55. Kf1 Rc1+ 56. Kf2 Rc2+ 57. Kf1 Rc1+ 58. Ke2 Rc2+ 59. Kd3 Rxg2 60. Rf8+ Ke5 61. Re8+ Kf5 62. Rf8+ Ke6 63. Rf6+ Ke7 64. Rf5 Ke6 65. Rxc5 Kf7 66. Ke4 Kg6 67. Kf4 Rf2+ 68. Kg3 Ra2 69. Re5 Ra3+ 70. Kf4 Ra4+ 71. Kf3 Ra3+ 72. Ke4 Ra4+ 73. Kd5 Ra5+ 1/2-1/2

[Event "ESP-ch U18 Rapid"]
[Site "Salobrena"]
[Date "2022.08.07"]
[Round "5"]
[White "Diaz Mino, Daniel"]
[Black "Gonzalez Lema, Carlos"]
[Result "1-0"]
[WhiteElo "1708"]
[BlackElo "2014"]
[PlyCount "85"]
[EventDate "2022.08.06"]
[EventType "swiss (rapid)"]
[EventRounds "9"]
[EventCountry "ESP"]
[SourceTitle "EXT 2023"]
[Source "ChessBase"]
[SourceDate "2022.10.05"]
[SourceVersion "1"]
[SourceVersionDate "2022.10.05"]
[SourceQuality "1"]

1. e4 e5 2. Nf3 Nc6 3. Bb5 a6 4. Ba4 Nf6 5. d4 exd4 6. 0-0 b5 7. Bb3 d6 8. Ng5 Be6 9. Nxe6 fxe6 10. Bxe6 Qe7 11. Bd5 Qd7 12. Bg5 Be7 13. Re1 Rb8 14. Na3 Ne5 15. f4 Nxd5 16. exd5 Bxg5 17. Qh5+ Kf8 18. Qxg5 Nf7 19. Qh4 Re8 20. Rxe8+ Qxe8 21. Re1 Qd8 22. Qxd8+ Nxd8 23. Rd1 Kf7 24. Rxd4 Re8 25. Kf2 Kf8 26. c4 b4 27. Nc2 a5 28. Ne1 Nb7 29. Nd3 Nc5 30. Nxc5 dxc5 31. Rd2 Re4 32. b3 Rxf4+ 33. Ke3 Rf6 34. Rf2 Rxf2 35. Kxf2 Kf7 36. Kf3 Ke7 37. Ke4 Kf6 38. Kf4 g5+ 39. Ke4 h6 40. h3 h5 41. g3 h4 42. g4 Kg6 43. Ke5 1-0

[Event "ESP-ch U18 Rapid"]
[Site "Salobrena"]
[Date "2022.08.06"]
[Round "2"]
[White "Arce Cano, Lucas"]
[Black "Diaz Mino, Daniel"]
[Result "0-1"]
[WhiteElo "1258"]
[BlackElo "1708"]
[PlyCount "68"]
[EventDate "2022.08.06"]
[EventType "swiss (rapid)"]
[EventRounds "9"]
[EventCountry "ESP"]
[SourceTitle "EXT 2023"]
[Source "ChessBase"]
[SourceDate "2022.10.05"]
[SourceVersion "1"]
[SourceVersionDate "2022.10.05"]
[SourceQuality "1"]

1. e4 c5 2. Nf3 d6 3. d4 cxd4 4. Nxd4 Nf6 5. Nc3 a6 6. Be3 e5 7. Nb3 Qc7 8. f3 Be7 9. Qd2 Be6 10. g4 Nbd7 11. h4 Nb6 12. Qf2 Nc4 13. Bxc4 Qxc4 14. Qe2 Qxe2+ 15. Kxe2 Bc4+ 16. Kf2 d5 17. Na5 b5 18. exd5 Nxd5 19. Nxc4 Nxc3 20. Nb6 Nd5 21. Nxa8 Nxe3 22. Kxe3 Bc5+ 23. Ke4 Kd7 24. Rad1+ Kc6 25. Kxe5 Rxa8 26. Rd2 Re8+ 27. Kf4 Be3+ 28. Kg3 Bxd2 29. Rd1 Bb4 30. a3 Bd6+ 31. Kf2 Bc5+ 32. Kg3 Re2 33. b4 Bd6+ 34. Kh3 Rh2# 0-1

[Event "ESP-ch U16 Rapid"]
[Site "Salobrena"]
[Date "2022.07.30"]
[Round "4"]
[White "Ano Pla, Gerard"]
[Black "Diaz Mino, Daniel"]
[Result "0-1"]
[WhiteElo "1946"]
[BlackElo "1708"]
[PlyCount "162"]
[EventDate "2022.07.30"]
[EventType "swiss (rapid)"]
[EventRounds "9"]
[EventCountry "ESP"]
[SourceTitle "EXT 2023"]
[Source "ChessBase"]
[SourceDate "2022.10.05"]
[SourceVersion "1"]
[SourceVersionDate "2022.10.05"]
[SourceQuality "1"]

1. d4 d6 2. c4 e5 3. d5 f5 4. e4 g6 5. Nc3 Bg7 6. Bd3 f4 7. Bd2 Nf6 8. Qe2 a5 9. g3 g5 10. 0-0-0 Na6 11. h4 h6 12. hxg5 hxg5 13. Rxh8+ Bxh8 14. Nf3 Bg4 15. Rh1 Bg7 16. Bc2 Nc5 17. Na4 Ncd7 18. Qd3 Bxf3 19. Qxf3 g4 20. Qb3 fxg3 21. Qxg3 Qe7 22. Rg1 Bf8 23. f3 gxf3 24. Qxf3 b6 25. Bg5 0-0-0 26. Qf5 Kb8 27. Qe6 Re8 28. Qxe7 Bxe7 29. Nc3 Rg8 30. Be3 Rxg1+ 31. Bxg1 Bf8 32. b3 Bh6+ 33. Kb2 Nf8 34. a3 Ng6 35. b4 axb4 36. axb4 Bd2 37. c5 Bxc3+ 38. Kxc3 bxc5 39. bxc5 Kc8 40. c6 Nf4 41. Be3 Ne2+ 42. Kb4 Ng3 43. Bd1 Ngxe4 44. Kc4 Ng3 45. Bg5 Nfe4 46. Bg4+ Kb8 47. Be3 Nf6 48. Bh3 Nge4 49. Be6 Ng3 50. Bh3 Ngh5 51. Bf5 Nf4 52. Bxf4 exf4 53. Be6 Ka7 54. Kd4 Kb6 55. Bf7 Kb5 56. Be6 Kb4 57. Bf7 f3 58. Ke3 Kc5 59. Kxf3 Nxd5 60. Be8 Nb4 61. Ke4 Nxc6 62. Kd3 Ne5+ 63. Ke4 Nc4 64. Kd3 Nb6 65. Bh5 c6 66. Be8 d5 67. Bh5 Kd6 68. Kc3 c5 69. Bf3 Nd7 70. Bg2 Ne5 71. Kb3 c4+ 72. Kb4 Nd3+ 73. Kc3 Kc5 74. Bf1 Ne5 75. Kc2 d4 76. Kb2 Kb4 77. Kc2 d3+ 78. Kd2 c3+ 79. Kc1 Kc4 80. Kd1 Kd4 81. Bg2 Nc4 0-1

[Event "ESP-ch U16 Rapid"]
[Site "Salobrena"]
[Date "2022.07.30"]
[Round "2"]
[White "Lopez Herrero, Israel"]
[Black "Diaz Mino, Daniel"]
[Result "0-1"]
[WhiteElo "1466"]
[BlackElo "1708"]
[PlyCount "70"]
[EventDate "2022.07.30"]
[EventType "swiss (rapid)"]
[EventRounds "9"]
[EventCountry "ESP"]
[SourceTitle "EXT 2023"]
[Source "ChessBase"]
[SourceDate "2022.10.05"]
[SourceVersion "1"]
[SourceVersionDate "2022.10.05"]
[SourceQuality "1"]

1. e4 c5 2. Nf3 d6 3. d4 cxd4 4. Nxd4 Nf6 5. Nc3 a6 6. h3 e5 7. Nb3 h5 8. Be3 Be6 9. g3 Be7 10. Bg2 Qc7 11. Qd2 Nbd7 12. 0-0-0 b5 13. f4 b4 14. Nd5 Nxd5 15. exd5 Bf5 16. Kb1 Rc8 17. Rc1 a5 18. fxe5 Nxe5 19. Nd4 Bg6 20. Nc6 Bf6 21. Bd4 0-0 22. Bxe5 Bxe5 23. g4 h4 24. Rhe1 Rfe8 25. Be4 Bxe4 26. Rxe4 Bg3 27. Qe3 Kf8 28. Rxe8+ Rxe8 29. Qg5 Qb6 30. Qh5 Kg8 31. Rf1 Qf2 32. Rc1 Re1 33. b3 Bf4 34. Rxe1 Qxe1+ 35. Kb2 Qc1# 0-1

[Event "ESP-ch U16"]
[Site "Salobrena"]
[Date "2022.07.28"]
[Round "6"]
[White "Cereijo Suarez, Alejandro"]
[Black "Diaz Mino, Daniel"]
[Result "1-0"]
[WhiteElo "1968"]
[BlackElo "2151"]
[PlyCount "87"]
[EventDate "2022.07.25"]
[EventType "swiss"]
[EventRounds "9"]
[EventCountry "ESP"]
[SourceTitle "EXT 2023"]
[Source "ChessBase"]
[SourceDate "2022.10.05"]
[SourceVersion "1"]
[SourceVersionDate "2022.10.05"]
[SourceQuality "1"]

1. d4 d6 2. e4 g6 3. Nc3 Bg7 4. Be3 c6 5. Qd2 Qc7 6. h4 h5 7. 0-0-0 b5 8. Kb1 Nf6 9. f3 Nbd7 10. Nh3 Nb6 11. Bd3 a5 12. Nf4 e5 13. dxe5 dxe5 14. Nxb5 cxb5 15. Bxb5+ Nbd7 16. Nd5 Qb7 17. Nb6 0-0 18. Bxd7 Nxd7 19. Nxc8 Rb8 20. b3 Rfxc8 21. Qxd7 Qb4 22. Qd6 Qc3 23. Qd3 Qc7 24. Bc1 a4 25. Bb2 Bf8 26. g4 hxg4 27. fxg4 Rb6 28. h5 Rd6 29. Qe2 Rc6 30. Rh2 Qe7 31. hxg6 Rxc2 32. gxf7+ Qxf7 33. Bxe5 Qg6 34. Rh8+ Kf7 35. Qf3+ Ke7 36. Bd6+ Qxd6 37. Rxd6 Rc1+ 38. Kb2 Bg7+ 39. Ka3 Rxh8 40. Ra6 Rf8 41. Ra7+ Ke8 42. Qd3 Rf7 43. Qb5+ Kf8 44. Qb8+ 1-0

[Event "Andalusia-ch U18"]
[Site "Salobrena"]
[Date "2022.06.30"]
[Round "1"]
[White "Diaz Mino, Daniel"]
[Black "Perea Fruet, Federico"]
[Result "1-0"]
[WhiteElo "2182"]
[BlackElo "1720"]
[PlyCount "71"]
[EventDate "2022.06.30"]
[EventType "swiss"]
[EventRounds "6"]
[EventCountry "ESP"]
[SourceTitle "EXT 2023"]
[Source "ChessBase"]
[SourceDate "2022.10.05"]
[SourceVersion "1"]
[SourceVersionDate "2022.10.05"]
[SourceQuality "1"]

1. e4 c5 2. Nf3 e6 3. c3 Nf6 4. e5 Nd5 5. g3 Nc6 6. Bg2 d6 7. exd6 Bxd6 8. d4 cxd4 9. Nxd4 Nxd4 10. Qxd4 0-0 11. 0-0 Bc7 12. Na3 Bb6 13. Qg4 Qf6 14. Nc4 Bc7 15. Re1 Rb8 16. h4 h6 17. Nd2 Bb6 18. Qe2 Bd7 19. c4 Nb4 20. Ne4 Qf5 21. Rd1 Bc6 22. a3 Na6 23. Nd6 Qf6 24. Bxc6 bxc6 25. Bf4 Rbd8 26. Be5 Qg6 27. b4 f6 28. c5 Nxc5 29. bxc5 Bxc5 30. Bf4 Kh8 31. Qxe6 Qc2 32. Rd2 Qc3 33. Rad1 g5 34. Nf7+ Kg7 35. Nxd8 gxf4 36. Qg4+ 1-0

[Event "ESP-ch States U16"]
[Site "Isla"]
[Date "2022.06.24"]
[Round "3"]
[White "Diaz Mino, Daniel"]
[Black "Vesga Izeta, Markel"]
[Result "1-0"]
[WhiteElo "2182"]
[BlackElo "2114"]
[PlyCount "95"]
[EventDate "2022.06.23"]
[EventType "swiss"]
[EventRounds "6"]
[EventCountry "ESP"]
[SourceTitle "EXT 2023"]
[Source "ChessBase"]
[SourceDate "2022.10.05"]
[SourceVersion "1"]
[SourceVersionDate "2022.10.05"]
[SourceQuality "1"]

1. e4 c5 2. Nf3 Nc6 3. Bb5 g6 4. Bxc6 dxc6 5. d3 Bg7 6. h3 Qc7 7. a4 a5 8. 0-0 h6 9. Nc3 e5 10. Be3 b6 11. Nh2 g5 12. Ne2 Be6 13. Ng3 0-0-0 14. c3 Nf6 15. Qc2 c4 16. dxc4 Bxc4 17. Rfd1 Rxd1+ 18. Rxd1 Rd8 19. b3 Be6 20. c4 c5 21. f3 Rxd1+ 22. Qxd1 Qd7 23. Qc2 Bf8 24. Ne2 Ng8 25. g4 Be7 26. Nc3 Kb7 27. Nf1 h5 28. Bf2 h4 29. Ne3 Bd8 30. Ncd5 f6 31. Nf5 Bf7 32. Be3 Be6 33. Kf1 Bf7 34. Qd3 Be6 35. Qd2 Bf7 36. Nxf6 Qxd2 37. Bxd2 Kc6 38. Nh7 Bg6 39. Nxg5 Kd7 40. Ke2 Bf6 41. f4 Ne7 42. Nf3 Nc6 43. g5 Bxf5 44. exf5 e4 45. Nxh4 Nd4+ 46. Ke3 Bd8 47. Kxe4 Nxb3 48. Be3 1-0

[Event "Dos Hermanas Blitz op 36th"]
[Site "Dos Hermanas"]
[Date "2022.06.04"]
[Round "1"]
[White "Diaz Mino, Daniel"]
[Black "Santos Ruiz, Miguel"]
[Result "0-1"]
[WhiteElo "2182"]
[BlackElo "2588"]
[PlyCount "76"]
[EventDate "2022.06.04"]
[EventType "swiss (blitz)"]
[EventRounds "8"]
[EventCountry "ESP"]
[SourceTitle "CBM 208 Extra"]
[Source "ChessBase"]
[SourceDate "2022.07.31"]
[SourceVersion "1"]
[SourceVersionDate "2022.07.31"]
[SourceQuality "1"]

1. e4 c5 2. Nf3 d6 3. Bb5+ Nd7 4. c3 Ngf6 5. Qe2 a6 6. Ba4 b5 7. Bc2 e6 8. 0-0 Be7 9. d4 Bb7 10. Rd1 Qc7 11. Bf4 0-0 12. h3 Rfc8 13. Bd3 g6 14. a4 b4 15. Nbd2 Qd8 16. Nc4 d5 17. exd5 Nxd5 18. Bd6 bxc3 19. b3 cxd4 20. Nxd4 Nc5 21. Bxc5 Bxc5 22. Be4 Qf6 23. Nf3 Rd8 24. Bxd5 Rxd5 25. Nfe5 Rad8 26. Rxd5 exd5 27. Na5 Ba8 28. Nd3 Bb6 29. b4 Bxa5 30. bxa5 d4 31. Rb1 Qg5 32. g3 Qd5 33. f3 Qxf3 34. Qxf3 Bxf3 35. Rb6 Be2 36. Nf4 c2 37. Rc6 d3 38. Nxe2 d2 0-1

[Event "Malaga op 15th"]
[Site "Malaga"]
[Date "2021.10.31"]
[Round "6"]
[White "Campora, Daniel Hugo"]
[Black "Diaz Mino, Daniel"]
[Result "1-0"]
[WhiteElo "2410"]
[BlackElo "2068"]
[PlyCount "83"]
[EventDate "2021.10.29"]
[EventType "swiss"]
[EventRounds "7"]
[EventCountry "ESP"]
[SourceTitle "CBM 204 Extra"]
[Source "ChessBase"]
[SourceDate "2021.11.30"]
[SourceVersion "1"]
[SourceVersionDate "2021.11.30"]
[SourceQuality "1"]

1. e4 c5 2. Nf3 d6 3. Bb5+ Bd7 4. Bxd7+ Qxd7 5. 0-0 Nc6 6. c3 Nf6 7. Re1 e6 8. d3 g6 9. Bg5 Bg7 10. d4 cxd4 11. cxd4 0-0 12. Nc3 Rac8 13. Qd2 d5 14. e5 Ne8 15. Rad1 Na5 16. b3 b6 17. h3 Nc6 18. Rc1 Nc7 19. Ne2 a5 20. Nh2 Ne8 21. Ng4 f5 22. Nh6+ Kh8 23. h4 Nc7 24. a4 Ne7 25. h5 gxh5 26. Nf4 Qe8 27. Rc3 Bxh6 28. Bxh6 Rg8 29. Rec1 Qd7 30. Nxh5 Ne8 31. Nf6 Nxf6 32. exf6 Rxc3 33. Qxc3 Ng6 34. Qc7 Qxc7 35. Rxc7 Rb8 36. f4 Nf8 37. f7 Ng6 38. Kf2 Ra8 39. Ke3 Rb8 40. Kd2 Ra8 41. Rb7 Nf8 42. Re7 1-0